A. WESLEY POWELL LEARNING RESOURCE CENTRE (WPLRC)

Wonderful Place to Learn, Research & Collaborate

Business renewal and performance in Jamaica / (Record no. 4989)

MARC details
000 -LEADER
fixed length control field 00978nam a22003015i 4500
001 - ACCESSION NUMBER
control field 18471845
003 - CONTROL NUMBER IDENTIFIER
control field OSt
005 - DATE AND TIME OF LATEST TRANSACTION
control field 20160113151444.0
008 - FIXED-LENGTH DATA ELEMENTS--GENERAL INFORMATION
fixed length control field 141209s2014 jm 000 0 eng
020 ## - INTERNATIONAL STANDARD BOOK NUMBER
International Standard Book Number 9789766404987
035 ## - SYSTEM CONTROL NUMBER
System control number (PR-SjLB)bv0000004715
040 ## - CATALOGING SOURCE
Original cataloging agency DLC
Language of cataloging eng
Transcribing agency DLC
Description conventions rda
042 ## - AUTHENTICATION CODE
Authentication code pcc
082 ## - DEWEY DECIMAL CLASSIFICATION NUMBER
Classification number R/WIC/650.97292 LAW
100 1# - MAIN ENTRY--PERSONAL NAME
Personal name Lawrence, William W.
245 10 - TITLE STATEMENT
Title Business renewal and performance in Jamaica /
Statement of responsibility, etc. William W. Lawrence.
264 #1 - PRODUCTION, PUBLICATION, DISTRIBUTION, MANUFACTURE, AND COPYRIGHT NOTICE
Place of production, publication, distribution, manufacture Jamaica :
Name of producer, publisher, distributor, manufacturer University of the West Indies Press,
Date of production, publication, distribution, manufacture, or copyright notice c2014.
300 ## - PHYSICAL DESCRIPTION
Extent 109 pages ;
Dimensions 23 cm
336 ## - CONTENT TYPE
Content type term text
Source rdacontent
337 ## - MEDIA TYPE
Media type term unmediated
Source rdamedia
338 ## - CARRIER TYPE
Carrier type term volume
Source rdacarrier
500 ## - GENERAL NOTE
General note Includes index.
504 ## - BIBLIOGRAPHY, ETC. NOTE
Bibliography, etc Includes bibliography.
520 ## - SUMMARY, ETC.
Summary, etc. Study and proposal for renewal of Jamaica business and firms. Case studies and integrated findings used in this study.
906 ## - LOCAL DATA ELEMENT F, LDF (RLIN)
a 0
b ibc
c origres
d u
e ncip
f 20
g y-gencatlg
942 ## - ADDED ENTRY ELEMENTS (KOHA)
Source of classification or shelving scheme Dewey Decimal Classification
Koha item type Books
Holdings
Withdrawn status Lost status Source of classification or shelving scheme Damaged status Not for loan Home library Current library Date acquired Total Checkouts Full call number Barcode Date last seen Price effective from Koha item type
    Dewey Decimal Classification     Wesley Powell Learning Resource Centre Wesley Powell Learning Resource Centre 01/13/2016   R/WIC/650.97292 LAW 18471845 01/13/2016 01/13/2016 Books
    Dewey Decimal Classification     Wesley Powell Learning Resource Centre Wesley Powell Learning Resource Centre 01/13/2016   R/WIC/650.97292 LAW 18471845 01/13/2016 01/13/2016 Books